000
00308nam a2200133Ia 4500
005
20251222141822.0
008
251222s9999||||xx |||||||||||||| ||spa||
020
_a
84-8063-504-5
082
_a
371.104/H22
100
_a
Hargreaves, Andy
245
0
_a
Aprender a Cambiar:
264
_b
Octaedro
942
_c
LIB
999
_c
6817
_d
6817